| 000 | 00539nam a22001817a 4500 | ||
|---|---|---|---|
| 005 | 20251108172710.0 | ||
| 008 | 250721s1996 xx 000 0 ara d | ||
| 082 | 1 | 4 | _a216.22/سلم |
| 100 | 1 |
_aسلمان، أبو عبيدة مشهور بن حسن _eمؤلف |
|
| 245 | 1 | 0 | _aالقول المبين في أخطاء المصلين / |
| 250 | _a4 | ||
| 264 | 1 |
_aبيروت : _bدار إبن حزم، _c1996. |
|
| 300 | _a480ص | ||
| 650 | 1 | 7 | _aالصلوات |
| 650 | 1 | 7 | _aفرائض الصلاة |
| 942 |
_2ddc _cBK |
||
| 999 |
_c86230 _d86230 |
||